000 01281cam a2200277 4500
008 050317n2004 000 0 eng u
020 _a1860817041
035 _a(Sirsi) u129091
041 _aeng
050 _a693.82
_c18
100 _aDe Vekey, R.
245 _aStructural fire engineering design
_bmaterials behaviour - masonry
260 _aWatford
_bBRE
_c2004
300 _a12p.
_c30cm.
350 _a12
490 _aBRE Digest
_v487 Part 3
520 _aThis digest forms part of a suite of related documents containing guidance for the construction industry on structural fire engineering design (see also BRE Digests 484, 485, 488 and 490). Each digest may be used in isolation or as part of the full suite. This digest describes three broad design methodologies to improve the fire resistance of masonry: traditional prescriptive, test based; simple performance based by combining test based and other data; and design by modelling.
650 _aMASONRY
650 _aFIRE SAFETY ENGINEERING
650 _aFIRE RESISTANT MATERIALS
650 _aSTRUCTURAL ENGINEERING
690 _aBUILT ENVIRONMENT-BUILDING MATERIALS
710 _aBuilding Research Establishment
710 _aBRE Centre for Whole Life Construction and Conservation
942 _n0
999 _c104100
_d104100